Kitāb al-mawāhib al-Fatḥīyah fī ʻulūm al-lughah al-ʻArabīyah /
Main Author:
Format: Book
Language: Arabic
Published:
Miṣr :
al-Maṭbaʻah al-Amīrīyah, 1312-1326 [1894 or 1895-1908].
Edition: al-Ṭabʻah 1.
Subjects:
Tags: Add Tag
Call Number: PJ6106 .F36 v.1-2
| LEADER | 01434nam a2200277Ia 4500 | ||
|---|---|---|---|
| 003 | OSt | ||
| 005 | 20230919131531.0 | ||
| 008 | 130303m18941908ua 000 0 ara d | ||
| 952 | |0 0 |1 0 |2 lcc |3 V.1 |4 0 |6 PJ6106 F36 V.00001-00002 |7 1 |9 50189 |a ARCE |b ARCE |d 2023-09-19 |l 0 |o PJ6106 .F36 v.1-2 |p 1029224 |r 2023-09-19 00:00:00 |w 2023-09-19 |y BK | ||
| 952 | |0 0 |1 0 |2 lcc |3 V.2 |4 0 |6 PJ6106 F36 V.00001-00002 |7 1 |9 63282 |a ARCE |b ARCE |d 2024-02-28 |l 0 |o PJ6106 .F36 v.1-2 |p 1029225 |r 2024-02-28 00:00:00 |w 2024-02-28 |y BK | ||
| 999 | |c 27104 |d 27104 | ||
| 010 | |a 76970231 | ||
| 040 | |c ARCE Library | ||
| 050 | 4 | |a PJ6106 .F36 v.1-2 | |
| 100 | 1 | |6 880-01 |a Fatḥ Allāh, Ḥamzah, |d 1849 or 1850-1917 or 1918, |e author | |
| 245 | 1 | 0 | |6 880-02 |a Kitāb al-mawāhib al-Fatḥīyah fī ʻulūm al-lughah al-ʻArabīyah / |c taʼlīf Ḥamzah Fatḥ Allāh. |
| 250 | |a al-Ṭabʻah 1. | ||
| 264 | 1 | |a Miṣr : |c al-Maṭbaʻah al-Amīrīyah, |c 1312-1326 [1894 or 1895-1908]. | |
| 300 | |a 2 volumes ; |c 24 cm. | ||
| 500 | |a At head of title : Niẓārat al-Maʻārif al-ʻUmūmīyah. | ||
| 650 | 0 | |a Arabic language. | |
| 650 | 0 | |a Arabic philology. | |
| 880 | 1 | |6 100-01/(3/r |a فتح الله, حمزة، |d 1849 أو 1850-1917 أو 1918. | |
| 880 | 1 | 0 | |6 245-02/(3/r |a كتاب المواهب الفتحية فى علوم اللغة العربية |c تأليف حمزة فتح الله |
| 901 | |a reviewed | ||
| 942 | |c BK |2 lcc | ||
